00377 a2200169 4500260001000000100002100010260000900031245005800040300001000098650001700108650001000125260000900135300001800144130000800162440001900170020001800189 aParis aMARESCA, Sylvain bINRA aL'Autoportrait : six agricultrices en què‚te d'image a190p. aphotographie aimage c1991 bill.couv.ill. lFr. aEtat des lieux a2-7380-0305-2